000 00445nam a2200181Ia 4500
001 24844
005 20260414151110.0
008 260414t2010||||xx |||||||||||||| ||spa||
041 _aESP
082 _a346
_bG12
100 _aAriano Deho, Eugenia
_eAUT
245 0 _aManual de actualización civil y procesal civil
_b
260 _c2010
300 _a366 pƔginas :
_c24 cm.
650 _aDER
654 _aCDE
942 _cLIB
_dJUS
_fJUS
_2ddc
_n
999 _c24844
_d24844